Materiales de ingeniería química

Saved in:
Bibliographic Details
Main Author: Rumford, Frank (Author)
Format: Book
Language:Spanish
Published: Buenos Aires EUDEBA 1964
Edition:1a. ed
Series:Manuales de Eudeba. Química
Subjects:
Tags: Add Tag
No Tags, Be the first to tag this record!

MARC

LEADER 00000nam a2200000 a 4500
001 UCK6544
003 CL-VaPUC
008 051007e19640000AG |||||||||||||||||spa|d
082 0 4 |a 660.282  |b RUM  |2 21 
100 0 |a Rumford, Frank  |e author  |9 495912 
245 1 0 |a Materiales de ingeniería química 
250 |a 1a. ed 
300 |a 381 p 
942 |c BK 
945 |d 20051007 00:00:00  |a cmena 
260 |a Buenos Aires  |b EUDEBA  |c 1964 
650 7 |a INGENIERIA QUIMICA  |2 CL-VaPUC  |9 8 
650 7 |a CORROSION  |2 CL-VaPUC  |9 271912 
650 0 |a Materiales de construcción  |9 260197 
650 0 |a Propiedades mecánicas   |9 262507 
650 0 |a Resistencia de materiales  |9 260095 
583 |a last modification  |c 20051007 00:00:00  |k Rodrigo Vera 
490 0 |a Manuales de Eudeba. Química 
999 |c 314821  |d 314819